| 000 | 00471nam a2200181Ia 4500 | ||
|---|---|---|---|
| 001 | 19936 | ||
| 005 | 20260306172729.0 | ||
| 008 | 260306t2015||||xx |||||||||||||| ||spa|| | ||
| 041 | _aESP | ||
| 082 |
_a341.41 _bP87 |
||
| 100 |
_aProcuraduria de Orden Público del Ministerio del Interior _eAUT |
||
| 245 | 0 | _aCompendio sobre política criminal y crimen organizado | |
| 260 | _c2015 | ||
| 300 |
_a _c |
||
| 650 | _aGEN | ||
| 654 | _aCDE | ||
| 942 |
_cLIB _dJUS _fJUS _2ddc _n |
||
| 999 |
_c19936 _d19936 |
||